| 000 | 00445nam a22001097a 4500 | ||
|---|---|---|---|
| 008 | 190717b xxu||||| |||| 00| 0 eng d | ||
| 010 | _aSCCAF:27 | ||
| 245 | _aSUPREME COURT CRIMINAL APPEAL NO. 19/85 FRANCIS PANKRAS MLOBERER VS UGANDA | ||
| 260 |
_aMENGO _c1989 |
||
| 500 | _aCORAM:WAMBUZI, C.J., ODER, J.S.C., PLATT,J.S.C) | ||
| 500 | _a(APPEAL FROM THE DECISION OF THE HIGH COURT OF UGANDA AT KAMPALA (MR. JUSTICE S.T. MANYINDO DATED 31ST MAY 1985) | ||
| 999 |
_c8723 _d8723 |
||